Geografía por Imágenes- P - Estadísticas

Estadísticas generales
  • Esta prueba ha sido intentada 4.691 veces
  • La puntuación promedio es 12 de 18
Estadísticas de respuestas
Imagen Hint Respuesta % Correcto
país Perú
98%
país Polonia
96%
ciudad París
94%
ciudad Pisa
91%
ciudad Pamplona
87%
obra de ingeniería Canal de {Panamá}
84%
cuerpo de agua Río de la {Plata}
80%
país Palaos
74%
templo Partenón
74%
cuerpo de agua Golfo {Pérsico}
73%
país Palestina
71%
tipo de porción de tierra Península
68%
región sudamericana Patagonia
58%
ciudad Praga
52%
ciudad antigua Pompeya
43%
ciudad Pionyang
31%
estratovolcán filipino Pinatubo
10%
estrecho {Paso} {de} {Calais}
8%
No se encontraron pruebas coincidentes
Distribución de puntuación
Porcentaje de gente con cada puntuación
Porcentaje por número respondido
Historial de tus puntuaciones
No has intentado esta prueba.